Normal view
MARC view
- Begg,Carolyne/Connolly,Thomas m
Entry Personal Name
001 - CONTROL NUMBER
- control field: 2830
003 - CONTROL NUMBER IDENTIFIER
- control field: JO-AjAnu
005 - DATE AND TIME OF LATEST TRANSACTION
- control field: 20230606070751.0
008 - FIXED-LENGTH DATA ELEMENTS
- fixed length control field: 230606|| aca||aabn | a|a d
040 ## - CATALOGING SOURCE
- Original cataloging agency: JO-AjAnu
- Transcribing agency: JO-AjAnu
100 ## - HEADING--PERSONAL NAME
- Personal name: Begg,Carolyne/Connolly,Thomas m
670 ## - SOURCE DATA FOUND
- Source citation: Work cat.: (JO-AjAnu)1483: Begg,Carolyne/Connolly,Thomas m, author, Database systems:Apratcical Apporach to design ,implementation ,and management